<?xml version="1.0" encoding="UTF-8"?>
<record
    xmlns:xsi="http://www.w3.org/2001/XMLSchema-instance"
    xsi:schemaLocation="http://www.loc.gov/MARC21/slim http://www.loc.gov/standards/marcxml/schema/MARC21slim.xsd"
    xmlns="http://www.loc.gov/MARC21/slim">

  <leader>01677nam a2200253Ia 4500</leader>
  <controlfield tag="001">B7130-52956 </controlfield>
  <controlfield tag="003">IT-MiCISF</controlfield>
  <controlfield tag="005">20250516143301.0</controlfield>
  <controlfield tag="008">161014s9999||||xx |||||||||||||| ||und||</controlfield>
  <datafield tag="040" ind1=" " ind2=" ">
    <subfield code="a">IT-MiCISF</subfield>
    <subfield code="c">IT-MiCISF</subfield>
  </datafield>
  <datafield tag="041" ind1=" " ind2=" ">
    <subfield code="a">it</subfield>
  </datafield>
  <datafield tag="100" ind1=" " ind2=" ">
    <subfield code="a">Celot Paolo (et al)</subfield>
    <subfield code="9">62174</subfield>
  </datafield>
  <datafield tag="245" ind1=" " ind2="0">
    <subfield code="a">Il "caso" Italia.</subfield>
    <subfield code="b">I media e la tutela dei minori nei principali Paesi europei</subfield>
  </datafield>
  <datafield tag="260" ind1=" " ind2=" ">
    <subfield code="a"> Roma,</subfield>
    <subfield code="b">Aiart,</subfield>
    <subfield code="c">2015</subfield>
  </datafield>
  <datafield tag="300" ind1=" " ind2=" ">
    <subfield code="a">pp. 268</subfield>
  </datafield>
  <datafield tag="500" ind1=" " ind2=" ">
    <subfield code="a">massmedia, nuovi-media, diritti-bambino, legislazione, comparazione / </subfield>
  </datafield>
  <datafield tag="501" ind1=" " ind2=" ">
    <subfield code="a"> Aiart. Associazione Spettatori</subfield>
  </datafield>
  <datafield tag="520" ind1=" " ind2=" ">
    <subfield code="a">Il volume &#xE8; nato con l'obiettivo di richiamare l'attenzione dell'opinione pubblica su un problema di grande attualit&#xE0; e gravit&#xE0;: la carenza di un'efficace tutela dei minori nel nostro Paese in quanto utenti dei media (TV, internet, ecc.), e soprattutto il crescente divario con la tutela dei bambini e degli adolescenti di diversi altri Paesi europei. Il volume, infatti, contiene quattro ampi e ben documentati saggi dedicati ai sistemi di tutela (quadro normativo e intese dell'autonomia provato-collettiva) dei minori in Germani, Francia, Inghilterra e Spagna, che sono poi posti a confronto nei due capitoli conclusivi con la situazione italiana. Una situazione che fa dire agli estensori del volume che l'Italia &#xE8; "maglia nera" in Europa, come dimostra il caso emblematico della "liquidazione di fatto" del Comitato Media e Minori.   </subfield>
  </datafield>
  <datafield tag="650" ind1=" " ind2=" ">
    <subfield code="a">mass-media</subfield>
  </datafield>
  <datafield tag="654" ind1=" " ind2=" ">
    <subfield code="a">studio</subfield>
  </datafield>
  <datafield tag="700" ind1=" " ind2=" ">
    <subfield code="a"> Valmachino C., Scarcello M.C., Gaicalone F., Zambonini D., Steemers J., </subfield>
    <subfield code="a">Pattison V., Papa R.A., Marino M., Di Lorenzi C. </subfield>
    <subfield code="9">62175</subfield>
  </datafield>
  <datafield tag="942" ind1=" " ind2=" ">
    <subfield code="c">BK</subfield>
    <subfield code="2">ddc</subfield>
  </datafield>
  <datafield tag="999" ind1=" " ind2=" ">
    <subfield code="c">209844</subfield>
    <subfield code="d">209844</subfield>
  </datafield>
  <datafield tag="999" ind1=" " ind2=" ">
    <subfield code="b">si</subfield>
  </datafield>
  <datafield tag="952" ind1=" " ind2=" ">
    <subfield code="0">0</subfield>
    <subfield code="1">0</subfield>
    <subfield code="4">0</subfield>
    <subfield code="6">B_713052956</subfield>
    <subfield code="7">1</subfield>
    <subfield code="a">CISF</subfield>
    <subfield code="b">CISF</subfield>
    <subfield code="d">2016-10-14</subfield>
    <subfield code="l">0</subfield>
    <subfield code="o">B7130-52956 </subfield>
    <subfield code="r">2016-10-14 00:00:00</subfield>
    <subfield code="w">2016-10-14</subfield>
    <subfield code="y">BK</subfield>
    <subfield code="z">Data import 15.10.2016 / by Epidotti, Vaglietti</subfield>
  </datafield>
</record>
